| 000 | 00373nam a2200157Ia 4500 | ||
|---|---|---|---|
| 008 | 230711s9999||||xx |||||||||||||| ||und|| | ||
| 041 | _aENG | ||
| 082 |
_a651 _bOB-C |
||
| 100 | _aOber,Scot | ||
| 245 | 0 | _aContemporary business communication | |
| 250 | _a5th Ed. | ||
| 260 |
_c2004 _aNew Delhi _bBiiztantra |
||
| 300 | _a690 | ||
| 650 | _aCOMMUNICATION SKILL | ||
| 942 | _cBK | ||
| 999 |
_c4809 _d4809 |
||